000 00870nab a2200253 u 4500
001 18111
003 HDC
007 cr bn ---aaaaa
008 210225c20120627xx dr|noo 0 a eng d
040 _aHDC
100 _aNaumaan Farooq
_eauthor
_916372
245 0 _aUK: Muslim scholars reject machine slaughtered meat as halal / by
_cNaumaan Farooq
260 _a[No place] :
_b[publisher not identified],
_c2012
336 _atext
_2rdacontent
337 _acomputer
_2rdamedia
338 _aonline resource
_2rdacarrier
650 _amachine slaughtered meat
_917147
650 _ameat products
_92253
710 _aHalal Focus
856 _zRequest full-text at [email protected]
942 _2lcc
942 _cNEWS
942 _kNWSO 006027
999 _c15427
_d15427